Recenze publikace: Dejiny poisťovníctva autoři: Erika Pastoráková, Tomáš Ondruška, Monika Jurkovičová

Recenzia slovenskej vysokoškolskej učebnice Dejiny poisťovníctva, mapujúcej súvislosti, ktoré ovplyvnili podobu moderného poisťovníctva najmä v globálnom meradle. Zahŕňa aj poistné míľniky z územia dnešného Slovenska. Dielo je napísané populárnym štýlom a prepojením ekonómie, práva, sociológie a pol...

Description complète

Enregistré dans:
Détails bibliographiques
Auteur principal: Snopková, Andrea, 1987-
Format: Chapitre de livre
Langue:tchèque
Sujets:
Tags: Ajouter un tag
Pas de tags, Soyez le premier à ajouter un tag!

MARC

LEADER 00000naa a2200000 4500
001 0290574
005 20240502083940.3
041 0 |a cze 
044 |a CZ 
245 1 0 |a Recenze publikace: Dejiny poisťovníctva  |b autoři: Erika Pastoráková, Tomáš Ondruška, Monika Jurkovičová  |c Andrea Snopková 
520 |a Recenzia slovenskej vysokoškolskej učebnice Dejiny poisťovníctva, mapujúcej súvislosti, ktoré ovplyvnili podobu moderného poisťovníctva najmä v globálnom meradle. Zahŕňa aj poistné míľniky z územia dnešného Slovenska. Dielo je napísané populárnym štýlom a prepojením ekonómie, práva, sociológie a politológie prispieva k celkovému pochopeniu vybranej oblasti. 
610 2 0 |a recenzie 
610 2 0 |a poisťovníctvo 
610 2 0 |a dejiny myslenia ekonomického 
610 2 0 |a dejiny teórií ekonomických 
610 2 0 |a história 
610 2 0 |a Slovensko 
100 1 |a Snopková, Andrea, 1987-